000 00499cam a2200169 4500
001 D13816
008 090401t1890 xxu||||| |||| 00| 0 eng d
035 _a(Sirsi) u11846
041 _aeng
100 _aSargant, Charles Henry
245 _aUrban rating: being an inquiry into incidence of local taxation in towns, with special reference to current proposals for change
260 _aLondon
_bLongmans Green Co
_c1890
350 _a0
520 _aShelf 134
942 _n0
948 _c04/03/1997
999 _c86920
_d86920